Unrecognized Country Flags - Statistics

General Stats
  • This quiz has been taken 116 times
  • The average score is 6 of 8
Answer Stats
Picture Answer % Correct
Kosovo
98%
Taiwan
98%
Northern Cyprus
82%
South Ossetia
77%
Sahrawi
75%
Abkhazia
72%
Somaliland
72%
Artsakh
63%
No matching quizzes found
Score Distribution
Percent of People with Each Score
Percentile by Number Answered
Your Score History
You have not taken this quiz